LEADER 01335nam a22002894i 4500 001 991001839569707536 008 121008s2011 riua b 101 0 eng d 020 $a9780821853269 035 $ab14078995-39ule_inst 040 $aDip.to Matematica e Fisica$beng 082 00$a519.3$223 084 $aAMS 91A22 084 $aLC QA269.A465 110 2 $aAmerican Mathematical Society.$bShort Course$d<2011 :$cNew Orleans, Louisiana>$0289747 245 10$aEvolutionary game dynamics :$bAmerican Mathematical Society Short Course, January 4-5, 2011, New Orleans, Louisiana /$cKarl Sigmund, editor 260 $aProvidence, R. I. :$bAmerican Mathematical Society,$cc2011 300 $aviii, 175 p. :$bill. ;$c27 cm 440 0$aProceedings of symposia in applied mathematics,$x0160-7634 ;$v69.$pAMS short course lecture notes 504 $aIncludes bibliographical references and index 650 0$aGame theory$vCongresses 700 1 $aSigmund, Karl$eauthor$4http://id.loc.gov/vocabulary/relators/aut$0344670 907 $a.b14078995$b13-11-12$c08-10-12 912 $a991001839569707536 945 $aLE013 91A SIG11 (2011)$g1$i2013000217710$lle013$op$pE51.00$q-$rl$s- $t0$u0$v0$w0$x0$y.i15456729$z12-11-12 996 $aEvolutionary game dynamics$91442493 997 $aUNISALENTO 998 $ale013$b08-10-12$cm$da $e-$feng$griu$h0$i0